Mount Everest General Knowledge #1 - Statistics

General Stats
  • This quiz has been taken 9 times
  • The average score is 7 of 10
Answer Stats
Hint Answer % Correct
What country is Mount Everest in? Nepal - China
100%
On average, how much does it cost to climb Mount Everest? $32,000-$200,000
88%
How many millimeters does Mount Everest grow every year? 4
88%
What month is Mount Everest the coldest? January
75%
What year was Mount Everest first climbed? 1953
63%
How tall is Mount Everest in feet or meters? (Approximately) 8,848m
63%
How many people died climbing Mount Everest? 330
50%
Approximately, how many people have reached the summit of Mount Everest? 6,338
50%
What's the name of the region located 8,000m and above Mount Everest? Death Zone
50%
What volcano located on Mars is 3 times taller than Mount Everest? Olympus Mons
38%
No matching quizzes found
Score Distribution
Percent of People with Each Score
Percentile by Number Answered
Your Score History
You have not taken this quiz